00622nam a2200169 a 450000100100000000500170001000800410002704000250006810000340009324500880012725000240021526000610023930000210030004900090032195201050033099900170043500002620820200930024408.0110304s1972 dr 000 0 spa d aDO-SdBNPbspacBNPHU1 aRosario Ramos, Tomás92635310aIdeas, personas y cosas :blibro de ensayos y anecdotario /cTomás Rosario Ramos. a2a ed. rev. y ampl. aSanto Domingo :bEditorial Librería Dominicana,c1972. a201 P. ;c21 cm. aBNPD 0010718PDaPDbPDcCTd2011-03-04iLF1l0o p26208-10r2020-06-25w2020-06-25yLFPDZNo se presta c25700d25700